000 00625nam a2200217 a 4500
001 BRCA_7196
005 20190320205739.0
008 160112s1942----mx-a######---#000-0#spa-#
041 _aspa
044 _amx
050 4 _aHG295 .M6
_b.A27 1947
100 1 _aAcuña, Luis Alberto
_917835
245 1 0 _aEl oro de Indias
_cLuis Alberto Acuña.
260 _aMéxico
_bCultura
_c1942
300 _a72 p.
_bil., 3 láminas
_c23 cm.
500 _aSobretiro de: Boletín de la Sociedad Mexicana de Greografía y Estadistica, Tomo LVII, no. 1 (1942)
500 _aP90
650 1 4 _aOro
_915666
902 _aGFM
942 _2lcc
_cB
999 _c6877
_d6877